000 00783nam a2200253 i 4500
003 DO-SdBNP
005 20240305140710.0
007 ta
008 130315s1985 dr a 000 f spa d
040 _aDO-SdBNP
_bspa
_cBNPHU
_erda
082 4 _aCo863.2
_bI73m,
_222
100 1 _aIsaacs, Jorge,
_d1837-1895
_917342
245 1 0 _aMaría :
_bnovela /
_cJorge Isaacs.
264 1 _aSanto Domingo :
_bCENAPEC,
_c1985.
300 _a195 páginas
_bilustraciones
_c22 cm.
336 _2rdacontent
_atexto
_btxt
337 _2rdamedia
_asin mediación
_bn
338 _2rdacarrier
_avolumen
_bnc
590 _aInventariado, 2023 / YL
650 4 _aNovela colombiana
_91243
650 4 _aLiteratura colombiana
_91244
910 _aYLockward/ Validado. Control de calidad MFF
942 _2ddc
_cLBS1
999 _c55520
_d55520